000
00230nam a22000857a 4500
008
160908b xxu||||| |||| 00| 0 eng d
100
_9
329
_a
Dickens C
245
_a
A Tale of Two Cities
260
_a
England
_b
Pearson Educational ltd
_c
2000
999
_c
2989
_d
2989